Obálka Náhled e-knihy:
PDF Epub
Pro půjčování e-knih musíte být přihlášeni.
Jak si půjčit online?

Zaklínač III Krv elfov /

Krv elfov je románovým pokračovaním poviedok o zaklínačovi a skutočným začiatkom fenomenálnej ságy o Geraltovi z Rivie. Geralt spolu s princeznou Ciri našli útočisko v tajomnom sídle zaklínačov. Učia ju tam narábať s mečom, no keď odhalia jej zvláštne schopnosti, zaklínači si musia na pomoc zavolať...

Celý popis

Uloženo v:
Hlavní autor: Sapkowski, Andrzej (Autor)
Médium: E-kniha
Jazyk:Czech
Vydáno: Praha : Albatros Media Slovakia s.r.o., 2020
Tagy:
Žádné tagy
LEADER 01549nam a22002297i 4500
001 311521
007 ta
008 260601s2020 xr ||||| |||| 00| 0 cze d
020 |a 9788056617359 
044 |a xr 
100 1 |a  Sapkowski, Andrzej  |4 aut 
245 1 0 |a Zaklínač III Krv elfov /  |c  Sapkowski, Andrzej 
240 1 0 |a KREW ELFÓW 
264 1 |a Praha :  |b Albatros Media Slovakia s.r.o.,  |c 2020 
300 |a 1 online zdroj (328 stran) 
336 |a text  |b txt  |2 rdacontent 
337 |a bez média  |b n  |2 rdamedia 
338 |a online zdroj  |b cr  |2 rdacarrier 
520 2 |a Krv elfov je románovým pokračovaním poviedok o zaklínačovi a skutočným začiatkom fenomenálnej ságy o Geraltovi z Rivie. Geralt spolu s princeznou Ciri našli útočisko v tajomnom sídle zaklínačov. Učia ju tam narábať s mečom, no keď odhalia jej zvláštne schopnosti, zaklínači si musia na pomoc zavolať čarodejky. Ochrániť toto Dieťa Prekvapenia, bude ťažké – pátrajú po ňom totiž dobré i zlé mocnosti. Podľa proroctva totiž všetci vedia, že Ciri má zohrať rozhodujúcu úlohu v ďalších osudoch sveta... 
910 |a RBIT002 
998 |d 349546  |a https://core.palmknihy.cz/api/books/349546/cover?sgozlx  |b https://core.palmknihy.cz/api/books/349546/cover/400?sgozlx  |c https://core.palmknihy.cz/api/books/349546/cover/50?sgozlx  |e 2029-12-31  |g 328  |i 9788056617359  |j https://core.palmknihy.cz/api/books/349546/preview.epub  |k https://core.palmknihy.cz/api/books/349546/preview.pdf  |l   |q 49  |r 1  |s https://www.palmknihy.cz/kniha/349546  |t ebook  |y 2020  |z 1 
999 |d 311519